000 00720nam a2200289Ia 4500
005 20260324131234.0
008 008 260324s9999 xx 000 0 eng d
020 _a9780203725733
037 _aEBOOK
040 _aCRL
040 _beng
040 _cCRL
041 _2eng
041 _aeng
084 _qCRL
100 _aStephan Wilson; Gary W Peterson; Suzanne Steinmetz
_91184754
245 0 _aParent-Youth Relations
245 0 _bCultural and Cross-Cultural Perspectives
260 _bTaylor and Francis
260 _c2006
365 _a
365 _b65.99
856 _uhttp://www.taylorfrancis.com/books/9780203725733
942 _cEBOOK
999 _c1781728
_d1781728